Catalog

Record Details

Catalog Search



Available copies

  • 1 of 1 copy available at LARL/NWRL Consortium.

Current holds

0 current holds with 1 total copy.

Show Only Available Copies
Location Call Number / Copy Notes Barcode Shelving Location Status Due Date
Roseau Public Library lp MOR (Text) 35500005736739 Main Available -

Record details

  • ISBN: 9781628998153
  • ISBN: 1628998156
  • Physical Description: 680 pages (large print) ; 23 cm
  • Edition: Center Point Large Print edition.
  • Publisher: Thorndike, Maine : Center Point Large Print, 2016.

Content descriptions

General Note:
Originally published: Selwa Anthony Pty Ltd., 2015.
Summary, etc.:
"A suspenseful novel involving a mystery writer ... Read More
Subject: Women authors > Fiction.
Family secrets > Fiction.
Kidnapping > Fiction.
Police > England > London > Fiction.
London (England) > Fiction.
Large type books.
Family secrets.
Kidnapping.
Large type books.
Police.
Women authors
England > London.
Genre: Mystery fiction.
Suspense fiction.
Fiction.
LDR 02311cam a2200565 i 4500
001199200
003LARL_NWRL_CONSORTIUM
00520160125112101.0
008150924s2016 meu d 000 1 eng
019 . ‡a922913240 ‡a923357693
020 . ‡a9781628998153 ‡q(hardcover : alk. paper)
020 . ‡a1628998156
035 . ‡a(OCoLC)922220809 ‡z(OCoLC)922913240 ‡z(OCoLC)923357693
042 . ‡apcc
043 . ‡ae-uk-en
08200. ‡a823/.92 ‡223
049 . ‡aNRGE
1001 . ‡aMorton, Kate, ‡d1976- ‡eauthor. ‡0(LARL_NWRL_CONSORTIUM)202498
24514. ‡aThe lake house / ‡cKate Morton.
250 . ‡aCenter Point Large Print edition.
264 1. ‡aThorndike, Maine : ‡bCenter Point Large Print, ‡c2016.
300 . ‡a680 pages (large print) ; ‡c23 cm
336 . ‡atext ‡btxt ‡2rdacontent
337 . ‡aunmediated ‡bn ‡2rdamedia
338 . ‡avolume ‡bnc ‡2rdacarrier
500 . ‡aOriginally published: Selwa Anthony Pty Ltd., 2015.
520 . ‡a"A suspenseful novel involving a mystery writer whose family was devastated when she was sixteen when her infant brother disappeared without a trace. Decades later a young detective from London stumbles upon the ruins of the family's lakeside estate in Cornwall and begins digging into the unsolved case"-- ‡cProvided by publisher.
650 0. ‡aWomen authors ‡vFiction. ‡0(LARL_NWRL_CONSORTIUM)167920
650 0. ‡aFamily secrets ‡vFiction. ‡0(LARL_NWRL_CONSORTIUM)164948
650 0. ‡aKidnapping ‡vFiction. ‡0(LARL_NWRL_CONSORTIUM)165838
650 0. ‡aPolice ‡zEngland ‡zLondon ‡vFiction. ‡0(LARL_NWRL_CONSORTIUM)166799
651 0. ‡aLondon (England) ‡vFiction. ‡0(LARL_NWRL_CONSORTIUM)165879
650 0. ‡aLarge type books. ‡0(LARL_NWRL_CONSORTIUM)24284
650 7. ‡aFamily secrets. ‡2fast ‡0(LARL_NWRL_CONSORTIUM)162327
650 7. ‡aKidnapping. ‡2fast ‡0(LARL_NWRL_CONSORTIUM)24027
650 7. ‡aLarge type books. ‡2fast ‡0(LARL_NWRL_CONSORTIUM)24284
650 7. ‡aPolice. ‡2fast ‡0(LARL_NWRL_CONSORTIUM)177863
650 7. ‡2fast ‡aWomen authors ‡0(LARL_NWRL_CONSORTIUM)178572
651 7. ‡aEngland ‡zLondon. ‡2fast
655 7. ‡aMystery fiction. ‡2gsafd
655 7. ‡aSuspense fiction. ‡2gsafd
655 7. ‡aFiction. ‡2fast
905 . ‡ubacont
901 . ‡a199200 ‡b ‡c199200 ‡tbiblio ‡soclc

Additional Resources